000 00483nam a2200181Ia 4500
008 220531s9999 xx 000 0 und d
041 _aeng
082 _a-
_bMIC / DEV
100 _aDevasthale, G. S. & Others
_971836
245 _aMicrobiology : Medical Microbiology - II
250 _a1 st
260 _aPune
_bNirali
_c2022
300 _aP.1
542 _d06-05-2022
650 _aMicrobiology
_971837
906 _cT.Y.B.Sc.
_d2022-2023
_f20658
999 _c40150
_d40150